01303nam a2200241Ia 4500001000600000003000900006008004100015040001300056040001300069041001300082100002400095100002900119245006900148245006900217250001100286260000900297260002500306260004900331300004300380500057600423650003100999650003101030 6930IT-RoPAU130308s9999 xx 000 0 und d aIT-RoPAU cIT-RoPAU aITALIANO aFiglie di San Paolo gCodice Aut. SPICS: 6658 aAnnuncio di Cristo maestro nell'intuizione di don Alberione (L') bAnnuncio di Cristo maestro nell'Intuizione di Don Alberione (L') a1a ed. aROMA bEdizioni Paoline Fsp c1980 [1° Ed.:1980 - Ed.Ling.Originale:1980] a"106 p. (prefazione: no ; testo: 106)" aEvangelizzazione missione della Chiesa Contenuto dell'evangelizzazione vie dell'evangelizzazione Destinatari e Operai dell'evangelizzazione Spirito dell'evangelizzazione Evangelizzazione missione della Famiglia Paolina nella Chiesa Contenuto e Metodo Paolino dell'evangelizzazione Evangelizzaztore Paolino San Paolo ispiratore dell'Intuizione di Don Alberione missione di Paolo nella Chiesa Contenuto Destinatari mezzi e Modi della Evangelizzazione Paolina Chi è L'Apostolo Secondo Paolo Tratti interiori dell'Apostolo Apostolicità Famiglia Paolina Paolo vivente Oggi aSTUDI SU GIACOMO ALBERIONE eCodice materia Spics: 9902